|
|
|
|
| LEADER |
01009nam a2200277 a 4500 |
| 001 |
4243101 |
| 008 |
090916s1984 nyua b 001 0 eng d |
| 010 |
|
|
|a 83046093
|
| 020 |
|
|
|a 0140172130
|
| 020 |
|
|
|a 9780140172133
|
| 020 |
|
|
|a 0465004733
|
| 040 |
|
|
|a DLC
|c DLC
|d DLC
|
| 082 |
0 |
0 |
|a 500
|2 19
|
| 100 |
1 |
|
|a Asimov, Isaac,
|d 1920-1992.
|
| 240 |
1 |
0 |
|a New guide to science
|
| 245 |
1 |
0 |
|a Asimov's New guide to science /
|c Isaac Asimov.
|
| 260 |
|
|
|a New York :
|b Basic Books,
|c c1984.
|
| 300 |
|
|
|a xvi, 880 p. :
|b ill. ;
|c 25 cm.
|
| 504 |
|
|
|a Includes bibliographical references and index.
|
| 541 |
1 |
|
|e 00019274
|
| 650 |
|
0 |
|a Science
|x Popular works.
|
| 700 |
1 |
|
|a Asimov, Isaac,
|d 1920-1992.
|t Guide to science.
|
| 740 |
0 |
|
|a New guide to science.
|
| 852 |
4 |
|
|a Ayesha Abed Library
|j General shelf
|
| 999 |
|
|
|c 4057
|d 4057
|
| 952 |
|
|
|0 0
|1 2
|2 ddc
|4 0
|6 500_000000000000000_ASI
|7 0
|9 3736
|a BRACUL
|b BRACUL
|c GEN
|d 2009-10-03
|g 1495.00
|l 4
|m 10
|o 500 ASI
|p 3010019274
|q 2017-12-26
|r 2013-06-02
|s 2013-06-02
|t 1
|v 2990.00
|w 2009-10-03
|y BK
|